Civilizing Capitalism: The National Consumers' League, Women's Activism, and Labor Standards in the New Deal Era / (Record no. 616935)
[ view plain ]
| 000 -LEADER | |
|---|---|
| fixed length control field | 00497nam a22001337a 4500 |
| 020 ## - INTERNATIONAL STANDARD BOOK NUMBER | |
| Qualifying information | PB. |
| 040 ## - CATALOGING SOURCE | |
| Transcribing agency | FIZZA ISHAQ |
| 082 ## - DEWEY DECIMAL CLASSIFICATION NUMBER | |
| Classification number | 331.425 |
| Author Mark | STO |
| 100 ## - MAIN ENTRY--PERSONAL NAME | |
| Personal name | Storrs, Landon R. Y. |
| 9 (RLIN) | 134015 |
| 245 ## - TITLE STATEMENT | |
| Title | Civilizing Capitalism: The National Consumers' League, Women's Activism, and Labor Standards in the New Deal Era / |
| Statement of responsibility, etc. | Landon R. Y. Storrs. |
| 260 ## - PUBLICATION, DISTRIBUTION, ETC. | |
| Place of publication, distribution, etc. | London: |
| Name of publisher, distributor, etc. | Chapel Hill, The University of North Carolina Press , |
| Date of publication, distribution, etc. | 2000. |
| 300 ## - PHYSICAL DESCRIPTION | |
| Extent | 392 P. ; |
| Dimensions | 6.12 x 0.91 x 9.25 inches |
| 942 ## - ADDED ENTRY ELEMENTS (KOHA) | |
| Source of classification or shelving scheme | |
| Koha item type | Book |
| Withdrawn status | Lost status | Source of classification or shelving scheme | Damaged status | Not for loan | Permanent Location | Current Location | Shelving location | Date acquired | Total Checkouts | Full call number | Barcode | Date last seen | Price effective from | Koha item type |
|---|---|---|---|---|---|---|---|---|---|---|---|---|---|---|
| NUST Baluchistan Campus (NBC) | NUST Baluchistan Campus (NBC) | General Stacks | 04/09/2026 | 331.425 STO | QD-311 | 04/09/2026 | 04/09/2026 | Book |
